000 01095nam a2200277Ia 4500
003 OSt
005 20220925204949.0
006 a|||||r|||| 00| 0
007 ta
008 220923b |||||||| |||| 00| 0 eng d
037 _cGeneral Book
040 _aRTL
_cRTL
_beng
041 _2eng
_aeng
082 _aVp1,N71, L3
100 _aDumoulin Jerome Ed.
_9269314
110 _aInternational Association for cultural Freedom. The Giorgio Cini Foundation (Venice Rome); The Giovanni Agnelli Foundation
_9269315
245 0 _aTheHistorian between the ethnologist andthe futuologist
260 _aHague
_bMouton &Co. Neatherland
_c1973
300 _ax, 258p. P.103,105,126,
_ccm.
490 _v13
_aNew Babylon-Studies in the behavioral Science 13
650 _aHistory
700 _a Moisi Dominique Ed.
_9269316
700 _aInternational Association for cultural Freedom. The Giorgio Cini Foundation (Venice Rome); The Giovanni Agnelli Foundation
_9269317
942 _hVp1,N71, L3
_cGB
_2CC
999 _c550841
_d550841